000
00317nam a22001457a 4500
008
230601b ||||| |||| 00| 0 eng d
020
_a
9781305105652
041
_a
eng
080
_2
THIRD EDITION
_a
070
082
_a
070BIS
100
_a
18
101
_a
AMD
245
_a
SEQUENCES
_c
BISSIERE.M
942
_2
udc
_c
BK
999
_c
59904
_d
59904